Apple Computers Quiz Stats

 Plays Quiz Updated Sep 20, 2019

Score 0/29 Timer 07:00
0 Plays Today
Intr. Year Product Line % Correct
1984Macintosh 128k, 512k, Plus, SE, Classic, Color Classic
94.1%
2006MacBook, Pro, Air
81.4%
2001iPod, nano, mini, shuffle, touch
68.7%
1998iMac DV, G3, G4, G5
65.2%
2007iPhone
62.8%
1976Apple I
56.3%
1977Apple ][, ][+, ][e, ][c, ][GS
53.7%
2015Watch
39.7%
1999iBook G3, G4, SE
34.9%
1980Apple III
34.5%
1991PowerBook 100-5300, Duo, G3, G4
31.7%
2005Mac mini
24.9%
2006Mac Pro
24.1%
1994Power Macintosh 4400-9600, G3, B&W, G4, Cube, G5
22.7%
1983Apple Lisa (2, XL)
22.5%
Intr. Year Product Line % Correct
2007Apple TV
18.3%
1987Macintosh II, IIx, IIcx, IIci, IIfx, IIsi, IIvi, IIvx
17.2%
2010iPad, mini, air
16.6%
2002eMac
16.2%
1993Apple Newton, Messagepad, eMate
15.9%
1990Macintosh LC, LCII, LCIII, TV
10.6%
2002Xserve RAID, G5
7.6%
1992Macintosh Performa 200-6420
7.1%
1991Macintosh Quadra 605-950
6.4%
1989Macintosh Portable
5.1%
1993Macintosh Centris 610-660
3.7%
1998Macintosh Server G3, G4
2.9%
1996Apple Network Server 500-700
2.1%
1993Macintosh WGS 95-9650
1.8%

You're not logged in!

Compare scores with friends on all Sporcle quizzes.
OR
Log In

Sporcle TV

Today on Sporcle TV


Watch our educational content, quiz creation guides, and fun videos on Sporcle TV.

Show Comments

Extras

Top Quizzes Today


Score Distribution

Your Account Isn't Verified!

In order to create a playlist on Sporcle, you need to verify the email address you used during registration. Go to your Sporcle Settings to finish the process.

Report this User

Report this user for behavior that violates our Community Guidelines.

Details: